| 000 | 00961nam0a22002531 4500 | ||
|---|---|---|---|
| 001 | rc\3578008 | ||
| 005 | 20250610043941.0 | ||
| 035 | _a(NLR Aleph) 007695502 | ||
| 090 |
_a6687917 _c6687917 |
||
| 100 | _a20130115d1970 |||y0rusy50 ca | ||
| 101 | 0 | _arus | |
| 102 | _aRU | ||
| 105 | _ay z ||||| | ||
| 200 | 1 |
_aПеречень информационных материалов, полученных в зарубежных командировках доцентом Калининым Э.К. _fМоск. ордена Ленина авиац. ин-т им. С. Орджоникидзе |
|
| 210 |
_aМосква _cБ. и. _d1970 |
||
| 215 |
_a27 с. _d20 |
||
| 309 | _aОтпеч. множит. аппаратом | ||
| 333 | _aДля служебного пользования. Экз. № 5 | ||
| 702 | 1 |
_aКалинин _bЭ.К. _4570 |
|
| 801 | 0 |
_aRU _bNLR _gpsbo |
|
| 801 | 1 |
_aRU _bELAR _2rusmarc |
|
| 852 |
_aNLR _j71-50К/1310 |
||
| 942 | _cBOOK | ||
| 980 | _aNB | ||